00472nam a2200181Ia 4500008004100000020001500041050001400056100001800070245006700088245002100155260001500176260002200191260000900213300001600222300002000238300001000258300002200268170918s9999 xx 000 0 und d a1842054112 bC292 2004 aCaroll, Lewis aAlice's adventures in wonderland & through the looking-glass / cby Lewis Caroll. aScotland : bGeddes & Grosset, c2004 a174 pages : billustrations ; c19cm. eGeddes & Grosset.